| 000 | 01499nam a22004097a 4500 | ||
|---|---|---|---|
| 003 | CHAP | ||
| 005 | 20220329143246.0 | ||
| 008 | 071022s2007 mx a r 00010 spa d | ||
| 010 | _a94072 | ||
| 011 | _a95044 | ||
| 035 | _a105647 | ||
| 040 | _cCHAP | ||
| 090 | _aTesis | ||
| 100 | 1 |
_aRamos Avila, José Luis. _994389 |
|
| 245 | 1 | 0 |
_aDeterminación de propiedades de flujo de suspensiones de gallinaza _c/por José Luis Ramos Avila |
| 260 |
_aChapingo, Méx. : _bEl autor, _c2007 |
||
| 300 |
_a74 h. : _bilus.; gráfs.; cuadros |
||
| 502 | _aTesis (Ing. Agroindustrial) -- UACH. Departamento de Ingeniería Agroindustrial | ||
| 530 | _aTambién disponible en línea | ||
| 590 |
_aALEPH _b10 _c20130110 _lUCH01 _h1519 |
||
| 590 |
_aBATCH-UPD _b10 _c20130110 _lUCH01 _h0734 |
||
| 590 |
_aBATCH-UPD _b10 _c20130410 _lUCH01 _h0416 |
||
| 590 |
_aBATCH-UPD _b10 _c20130914 _lUCH01 _h1453 |
||
| 590 |
_aBATCH-UPD _b10 _c20140324 _lUCH01 _h1504 |
||
| 590 |
_aBATCH-UPD _b10 _c20141002 _lUCH01 _h0834 |
||
| 590 |
_aCONVERSION _b10 _c20130109 _lUCH01 _h1352 |
||
| 650 | 1 | 4 |
_aGallinaza en alimentación animal. _944446 |
| 650 | 1 | 4 |
_aGallinaza. _944445 |
| 650 | 1 | 4 |
_aReología. _995982 |
| 650 | 1 | 4 |
_aViscosidad. _9119978 |
| 856 |
_3Finding aid _uhttp://10.13.5.2/tesis/105647.pdf _zTeclea aqui |
||
| 901 | _aBK | ||
| 905 | _aMayto Villalobos Santana | ||
| 942 | _cFOLL | ||
| 949 |
_aTesis _bBC _cTES _d33724002041637 _eTS1 _h47140 _i105647 _sb |
||
| 949 |
_aTesis _bBC _cTES _d33724002041660 _eTS2 _fc.2 _h47141 _i105647 _sb |
||
| 999 |
_c94072 _d94072 |
||